Az ingatlanvásárlás folyamatának bemutatása fejlesztési hitelből Szarvas Város Önkormányzatának

Bibliográfiai részletek
Szerző: Balás Kitti
További közreműködők: Csoma Róbert
Dokumentumtípus: Projektmunka
Kulcsszavak:fejlesztési hitel(ek)
helyi adó
hitel
hitelezési folyamat
önkormányzat
Online Access:http://dolgozattar.uni-bge.hu/60403

MARC

LEADER 00000nnm a2200000 i 4500
001 dolg60403
005 20260409150534.0
008 260409suuuu hu o 000 hun d
040 |a BGE Dolgozattár Repozitórium  |b hun 
041 |a hu 
100 1 |a Balás Kitti 
245 1 3 |a Az ingatlanvásárlás folyamatának bemutatása fejlesztési hitelből Szarvas Város Önkormányzatának  |c Balás Kitti  |h [elektronikus dokumentum] 
516 |a Project_work 
520 3 |a A projektmunkám elkészítése során tanulmányozhattam az önkormányzatok működését, azt, hogy az önkormányzatoknak milyen pénzügyi elszámolási kötelezettségeik vannak az állam felé. Nagyon szűk keretek között mozog az önkormányzatoknak a gazdálkodása, hisz minden támogatás szigorúan kötelező feladatokhoz vannak besorolva, pontos elszámolás kell arról, hogy mit mire költ. Persze vannak olyan jogcímek, melyek között lehet átjárás, de csak a szabályok szigorú betartásával. Ha nem képes a támogatásokból finanszírozni a kiadásait csak a saját bevételére hagyatkozhat vagy egy külső forrásra. Az önkormányzatok arra törekednek, hogy a jogszabályban kötelezően ellátandó feladataikat ellássa. Ha a kapott támogatás nem fedezi a kötelező feladatok kifizetését, akkor is a saját bevételeket kell bevonni. Ahhoz, hogy eredményes legyen a feladatellátása egy hatékony vagyongazdálkodást kell alkalmazni. Bemutathattam egy általános hitelezési folyamatot, mellyel szerettem volna ismertetni a pénzintézeteknek egy lényeges feladatát. Alátámaszthattam, mint ügyfél, hogy egy hitel felvétel során mennyi mindent kell átgondolnunk a megfelelő pénzintézet, hitelajánlat kiválasztásakor, hisz ez a gazdasági és pénzügyi helyzetünket igencsak befolyásolja. Megismerhettem a fontosabb mutatókat, melyek alkalmazásával egyszerűbb eligazodni azon, hogy mire figyel egy pénzintézet az ügyfelek minősítésekor, valamint, hogy a „miértekre?” választ kapjunk. 
695 |a fejlesztési hitel(ek) 
695 |a helyi adó 
695 |a hitel 
695 |a hitelezési folyamat 
695 |a önkormányzat 
700 1 |a Csoma Róbert  |e ths 
856 4 0 |u http://dolgozattar.uni-bge.hu/60403/1/Z%C3%A1r%C3%B3dolgozat%20k%C3%A9sz.pdf  |z Dokumentum-elérés 
856 4 0 |u http://dolgozattar.uni-bge.hu/60403/2/biralatilap_foszk%20Bal%C3%A1s%20Kitti.pdf  |z Dokumentum-elérés